Ročenka 2005 Výskumný ústav ekonomiky poľnohospodárstva a potravinárstva
Salvato in:
| Natura: | Libro |
|---|---|
| Lingua: | slovacco |
| Pubblicazione: |
Bratislava
Výskumný ústav ekonomiky poľnohospodárstva a potravinárstva
2006
|
| Soggetti: | |
| Tags: |
Nessun Tag, puoi essere il primo ad aggiungerne!!
|
MARC
| LEADER | 00000nam$a2200000$$$4500 | ||
|---|---|---|---|
| 001 | 0052224 | ||
| 005 | 20230314085138.1 | ||
| 020 | |a 80-8058-431-1 | ||
| 041 | 0 | |a slo | |
| 044 | |a SK | ||
| 245 | 1 | 0 | |a Ročenka 2005 |b Výskumný ústav ekonomiky poľnohospodárstva a potravinárstva |
| 264 | 1 | |a Bratislava |b Výskumný ústav ekonomiky poľnohospodárstva a potravinárstva |c 2006 | |
| 300 | |a 91 s. | ||
| 610 | 2 | 0 | |a pracovníci |
| 610 | 2 | 0 | |a štruktúra organizačná |
| 610 | 2 | 0 | |a výskum |
| 610 | 2 | 0 | |a vývoj |
| 610 | 2 | 0 | |a spolupráca medzinárodná |
| 610 | 2 | 0 | |a projekty medzinárodné |
| 610 | 2 | 0 | |a zmluvy medzinárodné |
| 610 | 2 | 0 | |a veda |
| 610 | 2 | 0 | |a pedagogika |
| 610 | 2 | 0 | |a výchova |